Govt. of
Madhya Pradesh

Mesmerism mind reading and spiritualism (Record no. 69013)

MARC details
000 -LEADER
fixed length control field 00276nam a22001097a 4500
082 ## - DEWEY DECIMAL CLASSIFICATION NUMBER
Classification number 133/ALP
100 ## - MAIN ENTRY--AUTHOR NAME
Personal name Alpheus,A.
245 ## - TITLE STATEMENT
Title Mesmerism mind reading and spiritualism
260 ## - PUBLICATION, DISTRIBUTION, ETC. (IMPRINT)
Place of publication Panchkula(haryana)
Name of publisher Better books
Year of publication 2022
650 ## - SUBJECT ADDED ENTRY--TOPICAL TERM
Topical Term Mesmerism
942 ## - ADDED ENTRY ELEMENTS (KOHA)
Koha item type Books
Holdings
Withdrawn status Lost status Damaged status Not for loan Home library Current library Date acquired Cost, normal purchase price Full call number Accession Number Price effective from Koha item type
        MACL MACL 09/04/2026 295.00 133/ALP CRE040475 09/04/2026 Books